| 000 | 01838nac a22003251u 4500 | ||
|---|---|---|---|
| 008 | 090301t xxu||||| |||| 00| 0 eng d | ||
| 010 | _a 2003113908 | ||
| 020 | _a9780324055757 | ||
| 020 | _a0324055757 | ||
| 035 | _a(DLC) 2003113908 | ||
| 082 |
_a658.3 _bANC |
||
| 245 | 0 | 0 |
_aManaging for the future : _borganizational behavior & processes / _cAncona ... [et al.]. |
| 246 | 3 | 0 | _aOrganizational behavior & processes |
| 246 | 3 | 0 | _aOrganizational behavior and processes |
| 250 | _a3rd ed. | ||
| 260 |
_a[Mason, OH] : _bThomson/South-Western,2005 _c2009. |
||
| 300 |
_a1 v. (various pagings) : _b 28 cm. |
||
| 504 | _aIncludes bibliographical references and index. | ||
| 650 | 0 | _aPersonnel management. | |
| 650 | 0 | _aOrganizational change. | |
| 700 | 1 |
_aAncona, Deborah G. _q(Deborah Gladstein) |
|
| 856 | 4 | 1 |
_3Table of contents _uhttp://www.loc.gov/catdir/toc/fy046/2003113908.html |
| 942 |
_cBB _k658.3ANC _2ddc |
||
| 999 |
_c10971 _d10971 |
||